Loading...

Operational methods

Bibliographic Details
Main Author: Maslov, V P
Format: Printed Book
Published: Mir Publishers, Moscow 1976
Subjects:
LEADER 00486nam a2200169 4500
082 |a 515.72 MAS-O 
100 |a Maslov, V P 
245 |a Operational methods  |c V P Maslov 
250
260 |a Mir Publishers, Moscow  |c 1976 
300
490
650 |a Operational calculus-- Functional analysis-- Mathematics 
700
942 |c BK 
999 |c 201974  |d 201974 
952 |0 0  |1 0  |4 0  |6 515_720000000000000_MASO  |7 0  |9 215323  |a MAT  |b MAT  |l 0  |o 515.72 MAS-O  |p MAT3091  |r 2019-11-01  |w 2019-11-01  |y BK